000 00990nam a2200253Ia 4500
001 ebr5000504
003 CaPaEBR
006 m u
007 cr cn|||||||||
008 780601s2001 vau s 000 0 eng d
040 _aCaPaEBR
_cCaPaEBR
035 _a(OCoLC)680629047
050 1 4 _aPR2206
_b.A3 2001eb
100 1 _aBacon, Francis,
_d1561-1626.
245 1 4 _aThe essays
_h[electronic resource] /
_cby Francis Bacon.
260 _aBlacksburg, VA :
_bVirginia Tech,
_c2001.
300 _a88 p.
533 _aElectronic reproduction.
_bPalo Alto, Calif. :
_cebrary,
_d2010.
_nAvailable via World Wide Web.
_nAccess may be limited to ebrary affiliated libraries.
650 0 _aEnglish essays
_yEarly modern, 1500-1700.
650 0 _aEnglish literature
_yEarly modern, 1500-1700.
655 7 _aElectronic books.
_2local
710 2 _aebrary, Inc.
856 4 0 _uhttp://site.ebrary.com/lib/rucke/Doc?id=5000504
_zAn electronic book accessible through the World Wide Web; click to view
999 _c2850
_d2850